000 00308nam a2200145 i 4500
001 bg
100 1 _aLENIN, V. I.
245 0 _aO paƄstwie /
_cW. Lenin.
250 _aWyd.2.
260 _aWarszawa,
_c1969.
040 _cBPK
041 _apol
942 _cKS
008 s pl f |000 0 pol
999 _c10340
_d10340
856 _uhttp://koha.tu.koszalin.pl/cgi-bin/koha/opac-detail.pl?biblionumber=10340
_yKatalog online BPK